000 00333nam a2200157Ia 4500
100 _aArnold / K/ Gosling/ J
250 _a2
942 _cBK
654 _aComputer
245 _aJava programming Language
260 _bAddison Wesly
_c2000
082 _a005.133'J'
_bARN/
300 _a595
546 _aENGLISH
999 _c21997
_d21997